MARC

LEADER 00000nam0a2200000 4500
001 160440
005 20231101222205.0
010 |a 9781604560824 
035 |a (RuTPU)RU\TPU\book\173976 
090 |a 160440 
100 |a 20090522d2008 k y0engy50 ba 
101 0 |a eng 
102 |a US 
105 |a a z 001zy 
200 1 |a Transition Economies: 21st Century Ussues and Challenges  |f G. M. Lakatos 
210 |a New York  |c Nova Science Publishers. Inc.  |d 2008 
215 |a 238 p.  |c il. 
320 |a References: p. 218-219. 
320 |a Index: p. 221-238. 
606 1 |a Переходная экономика  |x Теория  |2 stltpush  |3 (RuTPU)RU\TPU\subj\48608  |9 67463 
610 1 |a экономика 
610 1 |a экономическая теория 
610 1 |a экономические процессы 
610 1 |a экономические реформы 
610 1 |a Россия 
610 1 |a СНГ 
610 1 |a Казахстан 
610 1 |a экономическая трансформация 
610 1 |a 20 век 
610 1 |a 21 век 
610 1 |a английский язык 
686 |a У011  |v LBC/SL-A  |2 rubbk 
700 1 |a Lakatos  |b G. M.  |g Gergo M. 
801 1 |a RU  |b 63413507  |c 20090522  |g PSBO 
801 2 |a RU  |b 63413507  |c 20150908  |g PSBO 
942 |c BK